Statistics for Group E - South Korea AFC Asian Cup Squad

Click here to take the quiz!

General Stats

  • This quiz has been taken 13 times
  • The average score is 22 of 27

Answer Stats

#PositionClubPlayer Name% Correct
3DFJoenbuk Hyundai MotorsKim Jin-su
100%
25DFBrentford BKim Ji-soo
100%
24DFFC SeoulKim Ju-sung
100%
4DFBayern MunichKim Min-jae
100%
1GKAl-ShababKim Seung-gyu
100%
23DFUlsan HDKim Tae-hwan
100%
19DFUlsan HDKim Young-gwon
100%
18MFParis Saint-GermainLee Kang-in
100%
7FWTottenham HotspurSon Heung-min
100%
9FWFC MidtjylandCho Gue-sung
92%
11FWWolverhampton WanderersHwang Hee-chan
92%
21GKUlsan HDJo Hyeon-woo
92%
10MFMainz 05Lee Jae-sung
92%
2DFSuwon Samsung BluewingsLee Ki-je
92%
13MFGwangju FCLee Soon-min
92%
6MFRed Start BelgradeHwang In-beom
85%
5MFAl-AinPark Yong-woo
77%
14MFJeonbuk Hyundai MotorsMoon Seon-min
69%
16MFJeonbuk Hyundai MotorsPark Jin-seop
69%
17MFVfB StuttgartJeong Woo-yeong
62%
-Coach-Jürgen Klinsmann
62%
20FWCeltic FCOh Hyeon-gyu
62%
22DFUlsan HDSeol Young-woo
62%
12GKShonan BellmareSong Bum-keun
62%
8MFKAA GentHong Hyun-seok
54%
15DFUlsan HDJung Seung-hyun
54%
26MFCeltic FCYang Hyun-jun
54%

Score Distribution

Percentile by Number Answered

Percent of People with Each Score

Your Score History

You have not taken this quiz